Loading...
| Current Events | 3 | 16.67 | 100% | 67% | 0% |
| Fine Arts - Classical Music | 8 | 15.00 | 88% | 50% | 13% |
| Fine Arts - Other | 7 | 20.00 | 100% | 86% | 14% |
| Fine Arts - Painting and Sculpture | 2 | 15.00 | 100% | 50% | 0% |
| Geography | 2 | 15.00 | 100% | 50% | 0% |
| History - American | 6 | 13.33 | 100% | 33% | 0% |
| History - European | 6 | 21.67 | 100% | 83% | 33% |
| History - Other | 2 | 25.00 | 100% | 100% | 50% |
| History - World | 6 | 16.67 | 100% | 50% | 17% |
| Literature - American | 7 | 20.00 | 100% | 86% | 14% |
| Literature - British | 8 | 22.50 | 100% | 88% | 38% |
| Literature - European | 6 | 20.00 | 100% | 67% | 33% |
| Literature - World | 5 | 20.00 | 100% | 60% | 40% |
| Mythology | 6 | 20.00 | 100% | 83% | 17% |
| Philosophy | 5 | 14.00 | 100% | 40% | 0% |
| Popular Culture | 2 | 25.00 | 100% | 100% | 50% |
| Religion | 6 | 20.00 | 100% | 83% | 17% |
| Science - Biology | 8 | 13.75 | 75% | 50% | 13% |
| Science - Chemistry | 4 | 7.50 | 75% | 0% | 0% |
| Science - Other | 5 | 12.00 | 100% | 20% | 0% |
| Science - Physics | 7 | 15.71 | 100% | 43% | 14% |
| Social Science | 5 | 16.00 | 80% | 60% | 20% |